Violoncello : dějiny, literatura, osobnosti /

Hlavní autor: Měrka, Ivan, 1926-2020
Jazyk: Čeština
Vydáno: Ostrava : Montanex, 1995
Témata:
Fyzický popis: 414 s : obr. ; 21 cm
Knihy
Uloženo v:
LEADER 01662nam a2200433 a 4500
001 000019606
003 CZ BrMZK
005 20231201100215.0
007 ta
008 950313s1995 xr f cze d
015 |a cnb000093786 
020 |a 80-85780-05-4 
040 |a BOA001  |b cze 
072 7 |a 78.07  |x Hudebníci, skladatelé a jiná hudební povolání  |2 Konspekt  |9 9 
080 |a 787.3.071.2  |2 MRF 
080 |a 78.071.1  |2 MRF 
080 |a 681.817.3  |2 MRF 
080 |a 78(091)  |2 MRF 
080 |a (031)929  |2 MRF 
080 |a (038.072)  |2 MRF 
100 1 |a Měrka, Ivan,  |d 1926-2020  |7 jk01081286  |4 aut 
245 1 0 |a Violoncello :  |b dějiny, literatura, osobnosti /  |c Ivan Měrka. 
260 |a Ostrava :  |b Montanex,  |c 1995 
300 |a 414 s :  |b obr. ;  |c 21 cm 
504 |a Obsahuje bibliografii 
650 0 7 |a violoncellisté  |7 ph201919  |2 czenas 
650 0 7 |a hudební skladatelé  |7 ph120923  |2 czenas 
650 0 7 |a violoncello  |7 ph127111  |2 czenas 
650 0 7 |a dějiny hudby  |7 ph120731  |2 czenas 
655 7 |a biografické slovníky  |7 fd131906  |2 czenas 
655 7 |a výkladové slovníky  |7 fd133855  |2 czenas 
910 |a BOA001  |b 2-1008.695  |b PK-0127.548 
920 |a 000178503 
990 |a BK 
991 |b 202311 
996 7 |b 2610020848  |c 2-1008.695  |l MZK  |r Sklad / do 1 hodiny  |n 5  |p p.v.  |w 000019606  |u 000010  |a 1  |e BOA001  |j MZK50  |s A 
996 6 |b 2610020849  |c 2-1008.695  |l MZK  |r Sklad / do 1 hodiny  |n 1  |p kup  |w 000019606  |u 000020  |a 1  |e BOA001  |j MZK50  |s P 
996 6 |b 2610020850  |c 2-1008.695  |l MZK  |r HSS 4p  |n 0  |p kup  |h 78.07 MĚR  |w 000019606  |u 000030  |a 0  |e BOA001  |j MZK50  |s P 
996 7 |b 3119007867  |c PK-0127.548  |l MZK  |r Sklad / do 1 hodiny  |n 5  |p kup  |w 000019606  |u 000040  |a 1  |e BOA001  |j MZK50  |s A